| 000 | 01072cam a22003013a 4500 | ||
|---|---|---|---|
| 001 | 12544 | ||
| 003 | PGUSA | ||
| 005 | 20140828083252.0 | ||
| 008 | 040601s2004||||xxu|||||s|||||000 i eng d | ||
| 040 |
_aPGUSA _beng |
||
| 042 | _adc | ||
| 050 | 4 | _aDA | |
| 100 | 1 |
_aOsborne, Dorothy, _d1627-1695 |
|
| 245 | 1 | 4 |
_aThe Love Letters of Dorothy Osborne to Sir William Temple, 1652-54 _h[electronic resource] / _cDorothy Osborne |
| 260 |
_bProject Gutenberg, _c2004 |
||
| 506 | _aPublic domain in the USA. | ||
| 516 | _aElectronic text | ||
| 653 | _aLove-letters | ||
| 653 | _aGreat Britain -- Social life and customs -- 17th century -- Sources | ||
| 653 | _aTemple, William, Sir, 1628-1699 -- Correspondence | ||
| 653 | _aOsborne, Dorothy, 1627-1695 -- Correspondence | ||
| 653 | _aWomen -- Great Britain -- History -- 17th century | ||
| 653 | _aStatesmen's spouses -- Great Britain -- Correspondence | ||
| 700 | 1 |
_aParry, Edward Abbott, _cSir, _d1863-1943 |
|
| 830 | 0 |
_aProject Gutenberg _v12544 |
|
| 856 | 4 | 0 | _uhttp://www.gutenberg.org/ebooks/12544 |
| 942 | _cEB | ||
| 999 |
_c241799 _d241799 |
||